000 00778 a2200277 4500
999 _c16418
_d15999
001 16418
003 TR-AnTOB
005 20230825104044.0
008 041102s2002 tu tur
020 _a975298018x
035 _a16418
040 _aTR-AnTOB
_cTR-AnTOB
041 _atur
050 _aD299
_b.L4419 2002
090 _aD299 .L4419 2002
100 _aLee, stephen J.
_97536
245 0 _aAvrupa tarihinden kesitler :
_b1789-1980 /
_cstephen J. Lee ; çev. Savaş Akkur.
264 1 _aAnkara :
_bDost Kitabevi Yayınları,
_c2002.
300 _a392 p. ;
_c21 cm.
504 _aIncludes bibliographies.
651 7 _aAvrupa
_xTarih
_y1789-1900
_2etuturkob
_9109764
651 7 _aAvrupa
_xTarih
_y20. yüzyıl
_2etuturkob
_9109173
902 _a***
942 _cBK
_2lcc